<?xml version="1.0" encoding="UTF-8"?>
<collection xmlns="http://www.loc.gov/MARC21/slim">
 <record>
  <leader>00356pamaa2200121   4500</leader>
  <controlfield tag="001">0000030748</controlfield>
  <controlfield tag="005">20061215090000.0</controlfield>
  <datafield tag="020" ind1="0" ind2="0">
   <subfield code="a">9837202173 </subfield>
  </datafield>
  <datafield tag="090" ind1="0" ind2="0">
   <subfield code="a">PS648.S5 </subfield>
   <subfield code="b">SAK 1994</subfield>
  </datafield>
  <datafield tag="245" ind1="0" ind2="0">
   <subfield code="a">SAKI  </subfield>
   <subfield code="c">retold by Joanne Suter; illustrated by James McConnell.</subfield>
  </datafield>
  <datafield tag="260" ind1="0" ind2="0">
   <subfield code="a">Kuala Lumpur: </subfield>
   <subfield code="b">Golden Books Centre Sdn. Bhd., </subfield>
   <subfield code="c">1994.</subfield>
  </datafield>
  <datafield tag="300" ind1=" " ind2=" ">
   <subfield code="a">78p.: </subfield>
   <subfield code="b">ill.; </subfield>
   <subfield code="c">20cm.</subfield>
  </datafield>
  <datafield tag="650" ind1="0" ind2="0">
   <subfield code="a">Fiction </subfield>
  </datafield>
 </record>
</collection>
